Entrepreneur’s Experience As Business Angels’ and Venture Capitalists’ Decision Criteria

Skúsenosti ako rozhodovacie kritériá používané "obchodnými anjelmi" a investormi rizikového kapitálu v rozhodovacom procese o investícii. Možné obmedzenia a ich použitia. Popis a problémy rôznych druhov skúseností.

Gespeichert in:
Bibliographische Detailangaben
1. Verfasser: Hanák, Róbert, 1979-
Format: Buchkapitel
Sprache:Englisch
Schlagworte:
Tags: Tag hinzufügen
Keine Tags, Fügen Sie das erste Tag hinzu!

MARC

LEADER 00000naa$a2200000$$$4500
001 0270377
005 20240521130033.4
041 0 |a eng 
044 |a FR 
245 1 0 |a Entrepreneur’s Experience As Business Angels’ and Venture Capitalists’ Decision Criteria  |c Róbert Hanák 
520 |a Skúsenosti ako rozhodovacie kritériá používané "obchodnými anjelmi" a investormi rizikového kapitálu v rozhodovacom procese o investícii. Možné obmedzenia a ich použitia. Popis a problémy rôznych druhov skúseností. 
610 2 0 |a podnikatelia 
610 2 0 |a investori 
610 2 0 |a kapitál rizikový 
610 2 0 |a kritériá rozhodovania 
610 2 0 |a investície 
100 1 |a Hanák, Róbert, 1979-